[Event "Marianske Lazne op 17th"]
[Site "Marianske Lazne"]
[Date "2018.01.20"]
[Round "1"]
[White "Dambrauskas, Virginijus A"]
[Black "Streit, Roland"]
[Result "1-0"]
[WhiteElo "2315"]
[BlackElo "1741"]
[PlyCount "61"]
[EventDate "2018.01.20"]
[EventType "swiss"]
[EventRounds "9"]
[EventCountry "CZE"]
[SourceTitle "CBM 182 Extra"]
[Source "ChessBase"]
[SourceDate "2018.02.23"]
[SourceVersion "1"]
[SourceVersionDate "2018.02.23"]
[SourceQuality "1"]

1. d4 Nf6 2. c4 g6 3. Nc3 Bg7 4. e4 d6 5. Be2 0-0 6. g4 c5 7. g5 Ne8 8. d5 f6 9. Be3 fxg5 10. Bxg5 Rf7 11. Qd2 Qa5 12. h4 h5 13. f4 Bd4 14. f5 Nf6 15. fxg6 Rf8 16. Bh6 Ng4 17. Bxf8 Kxf8 18. Bxg4 Bxg4 19. Nge2 Bxe2 20. Nxe2 Qxd2+ 21. Kxd2 Be5 22. Raf1+ Kg7 23. Rf7+ Kxg6 24. Rxe7 Na6 25. Rg1+ Kh6 26. Re6+ Kh7 27. Rg5 Rf8 28. Rxh5+ Kg7 29. Rf5 Rh8 30. Re7+ Kg6 31. h5+ 1-0

[Event "Kesarovski Georgiev Memorial 11th"]
[Site "Sunny Beach"]
[Date "2012.09.07"]
[Round "7"]
[White "Taylor, Robert Graham"]
[Black "Streit, Roland"]
[Result "1-0"]
[WhiteElo "1929"]
[BlackElo "1761"]
[PlyCount "41"]
[EventDate "2012.09.01"]
[EventType "swiss"]
[EventRounds "9"]
[EventCountry "BUL"]
[SourceTitle "CBM 150 Extra"]
[Source "ChessBase"]
[SourceDate "2012.10.19"]
[SourceVersion "1"]
[SourceVersionDate "2012.10.19"]
[SourceQuality "1"]

1. d4 Nf6 2. c4 g6 3. Nc3 Bg7 4. e4 d6 5. f3 0-0 6. Be3 c6 7. Bd3 Na6 8. Nge2 Bd7 9. Qd2 c5 10. d5 Nc7 11. Bh6 e6 12. dxe6 Nxe6 13. Bxg7 Kxg7 14. 0-0 a6 15. Rad1 Qa5 16. Bb1 Rfd8 17. f4 Bc6 18. f5 Nf8 19. fxg6 hxg6 20. Rxf6 Nd7 21. Rxd6 1-0

[Event "Kesarovski Georgiev Memorial 11th"]
[Site "Sunny Beach"]
[Date "2012.09.02"]
[Round "2"]
[White "Streit, Roland"]
[Black "Nikolov, Jordan"]
[Result "0-1"]
[WhiteElo "1761"]
[BlackElo "2067"]
[PlyCount "48"]
[EventDate "2012.09.01"]
[EventType "swiss"]
[EventRounds "9"]
[EventCountry "BUL"]
[SourceTitle "CBM 150 Extra"]
[Source "ChessBase"]
[SourceDate "2012.10.19"]
[SourceVersion "1"]
[SourceVersionDate "2012.10.19"]
[SourceQuality "1"]

1. e4 e5 2. Nf3 Nc6 3. Bb5 f5 4. Nc3 fxe4 5. Bxc6 bxc6 6. Nxe5 Qg5 7. Ng4 d5 8. f3 exf3 9. gxf3 Bxg4 10. Qe2+ Kd7 11. d4 Qh4+ 12. Kd1 Bf5 13. Be3 Qe7 14. Nxd5 Qd6 15. Nf4 Nf6 16. Re1 g6 17. Qc4 Nd5 18. Nxd5 cxd5 19. Qb5+ Qc6 20. Qe2 Re8 21. Qf2 Bg7 22. c3 Re6 23. Qh4 h5 24. Kd2 Qc4 0-1

[Event "Friedrichroda op 11th"]
[Site "Friedrichroda"]
[Date "2007.08.08"]
[Round "1"]
[White "Stein, Tobias"]
[Black "Streit, Roland"]
[Result "1-0"]
[WhiteElo "1973"]
[BlackElo "1649"]
[PlyCount "79"]
[EventDate "2007.08.08"]
[EventType "swiss"]
[EventRounds "7"]
[EventCountry "GER"]
[SourceTitle "CBM 120 Extra"]
[Source "ChessBase"]
[SourceDate "2007.11.01"]
[SourceVersion "1"]
[SourceVersionDate "2007.11.01"]
[SourceQuality "1"]

1. e4 e6 2. d4 d5 3. e5 c5 4. c3 Nc6 5. Nf3 Qb6 6. a3 cxd4 7. cxd4 Nh6 8. Nc3 Nf5 9. Na4 Qd8 10. Be3 Nxe3 11. fxe3 f5 12. Bd3 Be7 13. b4 Bd7 14. 0-0 0-0 15. Nc5 b6 16. Nb3 Bg5 17. Nxg5 Qxg5 18. Qe2 Ne7 19. Rac1 Ba4 20. Nd2 Rac8 21. Nf3 Qh6 22. Ba6 Rxc1 23. Rxc1 f4 24. Rc7 Nf5 25. e4 Ne3 26. exd5 Bd1 27. Qf2 exd5 28. Bc8 Qg6 29. Rc1 Qd3 30. Be6+ Kh8 31. Ng5 h6 32. Nf7+ Kh7 33. Qxf4 Qd2 34. Bf5+ Kg8 35. Nxh6+ gxh6 36. Be6+ Kg7 37. Rc7+ Kg6 38. Bf7+ Rxf7 39. Rc6+ Rf6 40. Rxf6+ 1-0

[Event "Bahn-chHT"]
[Site "Winterberg"]
[Date "2004.09.29"]
[Round "4"]
[White "Welsch, Lothar"]
[Black "Streit, Roland"]
[Result "1/2-1/2"]
[WhiteElo "1762"]
[BlackElo "1645"]
[PlyCount "133"]
[EventDate "2004.09.26"]
[EventType "swiss"]
[EventRounds "7"]
[EventCountry "GER"]
[SourceTitle "EXT 2013"]
[Source "ChessBase"]
[SourceDate "2012.11.22"]
[SourceVersion "1"]
[SourceVersionDate "2012.11.22"]
[SourceQuality "1"]

1. d4 c5 2. e3 cxd4 3. exd4 d5 4. Bd3 g6 5. f4 Bg7 6. Nf3 Nc6 7. c3 e6 8. 0-0 Nge7 9. Nbd2 0-0 10. Qe2 Qc7 11. Ne5 a6 12. Ndf3 b5 13. Bd2 Qb6 14. Kh1 Ra7 15. Rac1 Na5 16. Be3 Rc7 17. b4 Nb7 18. Bb1 Nd6 19. Nd3 Bb7 20. Nc5 Ne4 21. Ne5 Qd6 22. Ned3 Nc8 23. Nxb7 Rxb7 24. Nc5 Nxc5 25. dxc5 Qc7 26. Bd4 Bh6 27. Be5 Qe7 28. Rce1 f6 29. Bd4 Bg7 30. Qxe6+ Qxe6 31. Rxe6 Ra7 32. a4 Kf7 33. Rfe1 Re7 34. Rxe7+ Nxe7 35. axb5 axb5 36. Bd3 Nf5 37. Bxf5 gxf5 38. Kg1 Ra8 39. Kf2 h5 40. Re2 Bh6 41. g3 h4 42. Kf3 h3 43. g4 fxg4+ 44. Kxg4 Rg8+ 45. Kxh3 Bxf4 46. Rf2 Rh8+ 47. Kg4 Bg5 48. Ra2 Rh4+ 49. Kg3 Re4 50. c6 Ke6 51. Ra6 Kd6 52. Rb6 Be3 53. c7+ Kxc7 54. Rxb5 Bxd4 55. cxd4 Rxd4 56. h4 Kc6 57. Rb8 f5 58. b5+ Kc7 59. Rf8 Rg4+ 60. Kh3 Rf4 61. h5 Rf1 62. Kh4 d4 63. h6 d3 64. b6+ Kxb6 65. Rd8 Rd1 66. Kg5 d2 67. h7 1/2-1/2

[Event "Bahn-chHT"]
[Site "Winterberg"]
[Date "2004.09.28"]
[Round "3"]
[White "Streit, Roland"]
[Black "Gosch, Dieter"]
[Result "1-0"]
[WhiteElo "1645"]
[BlackElo "1404"]
[PlyCount "97"]
[EventDate "2004.09.26"]
[EventType "swiss"]
[EventRounds "7"]
[EventCountry "GER"]
[SourceTitle "EXT 2013"]
[Source "ChessBase"]
[SourceDate "2012.11.22"]
[SourceVersion "1"]
[SourceVersionDate "2012.11.22"]
[SourceQuality "1"]

1. e4 c5 2. Nc3 d6 3. f4 e6 4. Nf3 a6 5. Be2 Nc6 6. d3 Nge7 7. 0-0 Ng6 8. Qe1 Be7 9. Bd2 0-0 10. a3 Nh4 11. Ng5 Ng6 12. g4 h6 13. Nf3 Nh4 14. Qg3 Nxf3+ 15. Bxf3 Bh4 16. Qg2 Bf6 17. Rae1 Bd4+ 18. Kh1 Bf6 19. g5 hxg5 20. fxg5 Be5 21. g6 fxg6 22. Qxg6 Qh4 23. Qh5 Qxh5 24. Bxh5 Rxf1+ 25. Rxf1 Bf6 26. Bf4 Be7 27. Bg3 Nd8 28. Ne2 e5 29. Be1 Be6 30. Ng3 Nf7 31. Nf5 Bxf5 32. Rxf5 Rf8 33. Bg6 Nh6 34. Rxf8+ Kxf8 35. Bh5 b6 36. Kg2 Bg5 37. b4 Bc1 38. a4 Be3 39. Kf3 Bf4 40. h3 Nf7 41. Bxf7 Kxf7 42. b5 a5 43. Kg4 g6 44. Bxa5 Ke6 45. Bxb6 Kd7 46. a5 Kc8 47. a6 g5 48. Kf5 c4 49. dxc4 1-0

[Event "Bahn-chHT"]
[Site "Winterberg"]
[Date "2004.09.27"]
[Round "2"]
[White "Schneider, Karl Heinz"]
[Black "Streit, Roland"]
[Result "0-1"]
[WhiteElo "1631"]
[BlackElo "1645"]
[PlyCount "58"]
[EventDate "2004.09.26"]
[EventType "swiss"]
[EventRounds "7"]
[EventCountry "GER"]
[SourceTitle "EXT 2013"]
[Source "ChessBase"]
[SourceDate "2012.11.22"]
[SourceVersion "1"]
[SourceVersionDate "2012.11.22"]
[SourceQuality "1"]

1. d4 Nf6 2. c4 c5 3. d5 b5 4. cxb5 a6 5. e3 axb5 6. Bxb5 g6 7. Nc3 Ba6 8. Bxa6 Rxa6 9. Nge2 Bg7 10. 0-0 0-0 11. a4 d6 12. Rb1 Nbd7 13. b3 Qa8 14. e4 Rb8 15. f3 Ne8 16. Bf4 Nc7 17. Qd3 Rab6 18. Qc2 Qb7 19. Nc1 c4 20. Nb5 Nxb5 21. axb5 cxb3 22. Rxb3 Rxb5 23. Rxb5 Qxb5 24. Rd1 Nc5 25. h3 Qa6 26. Be3 Rb2 27. Qxc5 dxc5 28. Bxc5 Qc4 29. Bxe7 Qc2 0-1

[Event "Bahn-chHT"]
[Site "Winterberg"]
[Date "2004.09.26"]
[Round "1"]
[White "Streit, Roland"]
[Black "Duemmke, Jens"]
[Result "1/2-1/2"]
[WhiteElo "1645"]
[BlackElo "1464"]
[PlyCount "87"]
[EventDate "2004.09.26"]
[EventType "swiss"]
[EventRounds "7"]
[EventCountry "GER"]
[SourceTitle "EXT 2013"]
[Source "ChessBase"]
[SourceDate "2012.11.22"]
[SourceVersion "1"]
[SourceVersionDate "2012.11.22"]
[SourceQuality "1"]

1. e4 d5 2. exd5 Nf6 3. d4 Bg4 4. Bb5+ c6 5. dxc6 bxc6 6. Be2 Bxe2 7. Nxe2 e6 8. c3 Be7 9. Bf4 Nbd7 10. Nd2 0-0 11. Nc4 Nb6 12. Ne5 Qd5 13. Qd3 Qxg2 14. Rg1 Qe4 15. Bh6 Qxd3 16. Rxg7+ Kh8 17. Nxd3 Ng8 18. Rxg8+ Rxg8 19. Ne5 Rg6 20. Nxg6+ hxg6 21. Bf4 Nd5 22. 0-0-0 Nxf4 23. Nxf4 Bg5 24. Kc2 Bxf4 25. Rd3 Kg7 26. h3 Rh8 27. b4 Rh5 28. Kb3 a5 29. a4 axb4 30. cxb4 Rd5 31. Kc4 Bc7 32. a5 Kf8 33. Rc3 Ke7 34. Kd3 Kd7 35. Kc4 Kd6 36. Rf3 Rf5 37. Ra3 Rxf2 38. a6 Bb6 39. a7 Bxa7 40. Rxa7 Rf3 41. Ra6 Rf5 42. Ra3 Rb5 43. Rf3 Rb7 44. Rg3 1/2-1/2

[Event "Bahn-chH"]
[Site "Bad Wildungen"]
[Date "2000.09.30"]
[Round "7"]
[White "Haser, Claudia"]
[Black "Streit, Roland"]
[Result "0-1"]
[WhiteElo "1795"]
[BlackElo "1685"]
[PlyCount "62"]
[EventDate "2000.09.24"]
[EventType "swiss"]
[EventRounds "7"]
[EventCountry "GER"]
[SourceTitle "EXT 2003"]
[Source "ChessBase"]
[SourceDate "2002.11.25"]
[SourceVersion "1"]
[SourceVersionDate "2002.11.25"]
[SourceQuality "1"]

1. e4 e5 2. Nf3 d6 3. Nc3 Nc6 4. d3 f5 5. exf5 Bxf5 6. Be2 Nf6 7. 0-0 Be7 8. h3 Qd7 9. a3 0-0 10. Bg5 d5 11. Bxf6 Bxf6 12. Nh2 Be7 13. Bg4 Bxg4 14. Qxg4 Qd6 15. Qe2 Nd4 16. Qd1 c6 17. Rc1 Bd8 18. Kh1 Bc7 19. g3 Rf7 20. Kg2 Raf8 21. Ne2 Nf3 22. Nxf3 Rxf3 23. Ng1 R3f6 24. Qg4 Bb6 25. Qe2 Rxf2+ 26. Rxf2 Rxf2+ 27. Qxf2 Bxf2 28. Kxf2 Qf6+ 29. Ke2 e4 30. Rb1 exd3+ 31. Kxd3 Qg6+ 0-1

[Event "Bahn-chH"]
[Site "Bad Wildungen"]
[Date "2000.09.27"]
[Round "4"]
[White "Streit, Roland"]
[Black "Gosch, Dieter"]
[Result "1-0"]
[WhiteElo "1685"]
[BlackElo "1400"]
[PlyCount "105"]
[EventDate "2000.09.24"]
[EventType "swiss"]
[EventRounds "7"]
[EventCountry "GER"]
[SourceTitle "EXT 2003"]
[Source "ChessBase"]
[SourceDate "2002.11.25"]
[SourceVersion "1"]
[SourceVersionDate "2002.11.25"]
[SourceQuality "1"]

1. d4 d5 2. c4 c6 3. Nf3 Bf5 4. Nc3 e6 5. e3 Nf6 6. Bd3 Bxd3 7. Qxd3 c5 8. cxd5 exd5 9. dxc5 Bxc5 10. Qb5+ Nbd7 11. 0-0 Qb6 12. Rd1 Qc6 13. Qd3 0-0 14. Nxd5 Nxd5 15. Qxd5 Rad8 16. Qxc6 bxc6 17. Bd2 Bb6 18. Bc3 Rfe8 19. Rd2 Nc5 20. Rxd8 Rxd8 21. Kf1 f6 22. Ke2 Na4 23. Rc1 c5 24. b3 Nxc3+ 25. Rxc3 Kf7 26. Nd2 Ba5 27. Rd3 Rxd3 28. Kxd3 Bxd2 29. Kxd2 Ke6 30. Kd3 f5 31. Kc4 Kd6 32. a4 Kc6 33. h4 h5 34. f3 a6 35. e4 fxe4 36. fxe4 Kd6 37. a5 g6 38. e5+ Kxe5 39. Kxc5 Kf4 40. Kb6 Kg3 41. Kxa6 Kxg2 42. Kb5 Kg3 43. a6 Kxh4 44. a7 g5 45. a8Q g4 46. Qd5 g3 47. Qe4+ Kh3 48. Qf5+ Kh4 49. Qf3 Kh3 50. Qxh5+ Kg2 51. Kc5 Kf2 52. Qh4 Kf3 53. Qxg3+ 1-0

[Event "Bahn-chH"]
[Site "Bad Wildungen"]
[Date "2000.09.25"]
[Round "2"]
[White "Streit, Roland"]
[Black "Ehlert, Joachim"]
[Result "1/2-1/2"]
[WhiteElo "1685"]
[BlackElo "1823"]
[PlyCount "91"]
[EventDate "2000.09.24"]
[EventType "swiss"]
[EventRounds "7"]
[EventCountry "GER"]
[SourceTitle "EXT 2003"]
[Source "ChessBase"]
[SourceDate "2002.11.25"]
[SourceVersion "1"]
[SourceVersionDate "2002.11.25"]
[SourceQuality "1"]

1. d4 Nf6 2. c4 g6 3. Nc3 Bg7 4. e4 0-0 5. Bd3 d6 6. f3 c5 7. Nge2 a6 8. Be3 cxd4 9. Nxd4 Nc6 10. 0-0 Qa5 11. Rc1 Rb8 12. Qe2 Qh5 13. Nxc6 bxc6 14. a3 c5 15. Rb1 Qe5 16. Rf2 Nh5 17. Nd5 f5 18. b4 f4 19. Bc1 Qg5 20. Bb2 e6 21. Bxg7 Nxg7 22. Nc3 Nh5 23. Qd1 Qe5 24. Rb3 Bd7 25. Bf1 Nf6 26. Rfb2 cxb4 27. axb4 Rfc8 28. Rd2 Rc7 29. Rxd6 g5 30. Qd4 Qxd4+ 31. Rxd4 Kf8 32. c5 a5 33. Rc4 axb4 34. Na2 Rbc8 35. Nxb4 Rxc5 36. Rbc3 Rxc4 37. Rxc4 Rxc4 38. Bxc4 g4 39. Nd3 gxf3 40. gxf3 Nh5 41. Nc5 Ke7 42. Kg2 e5 43. Nxd7 Kxd7 44. Kh3 Nf6 45. Kh4 h6 46. Kh3 1/2-1/2

[Event "Dresden Vdes op"]
[Site "Dresden"]
[Date "2000.01.28"]
[Round "5"]
[White "Filipovic, Ante"]
[Black "Streit, Roland"]
[Result "0-1"]
[WhiteElo "1806"]
[BlackElo "1687"]
[PlyCount "128"]
[EventDate "2000.01.26"]
[EventType "swiss"]
[EventRounds "7"]
[EventCountry "GER"]
[SourceTitle "EXT 2001"]
[Source "ChessBase"]
[SourceDate "2000.11.22"]
[SourceVersion "1"]
[SourceVersionDate "2000.11.22"]
[SourceQuality "1"]

1. d4 Nf6 2. c4 c5 3. d5 b5 4. b3 bxc4 5. bxc4 g6 6. Nc3 Bg7 7. Rb1 0-0 8. e4 d6 9. h3 Nbd7 10. Bd3 Ba6 11. Nge2 Qc7 12. f4 Rab8 13. Rxb8 Rxb8 14. a4 Nb6 15. Nb5 Bxb5 16. axb5 Nfd7 17. 0-0 Qc8 18. Qc2 a6 19. bxa6 Qxa6 20. Bd2 Qa4 21. Qxa4 Nxa4 22. Ng3 Bd4+ 23. Kh2 Nb2 24. Be2 Rb3 25. Bg4 Nb6 26. f5 N6xc4 27. Bh6 Be5 28. Bf3 gxf5 29. exf5 Ne3 30. Ra1 Bxg3+ 31. Kg1 Na4 32. Be4 Rb4 33. Bd3 Nxd5 34. Bc2 Nab6 35. Ra3 Bf4 36. Bxf4 Nxf4 37. Rg3+ Kf8 38. Kh2 Nd7 39. Rg4 Nf6 40. Rg3 Rb2 41. Bd1 Rxg2+ 42. Rxg2 Nxg2 43. Kxg2 e6 44. Bc2 d5 45. Kf3 Ke7 46. Kf4 Kd6 47. Bb1 c4 48. h4 h6 49. Bc2 d4 50. Bd1 e5+ 51. Kf3 Kd5 52. Ba4 e4+ 53. Kf4 e3 54. Bd1 Ne4 55. Bf3 e2 56. Bxe2 Nd2 57. Bd1 c3 58. f6 d3 59. Ke3 Kc4 60. Bh5 Nf1+ 61. Kf2 c2 62. Bxf7+ Kc3 63. Bh5 c1Q 64. f7 Qf4+ 0-1

[Event "Dresden Vdes op"]
[Site "Dresden"]
[Date "2000.01.27"]
[Round "3"]
[White "Streit, Roland"]
[Black "Sprutta, Stephan"]
[Result "1/2-1/2"]
[WhiteElo "1687"]
[BlackElo "1864"]
[PlyCount "79"]
[EventDate "2000.01.26"]
[EventType "swiss"]
[EventRounds "7"]
[EventCountry "GER"]
[SourceTitle "EXT 2001"]
[Source "ChessBase"]
[SourceDate "2000.11.22"]
[SourceVersion "1"]
[SourceVersionDate "2000.11.22"]
[SourceQuality "1"]

1. e4 e6 2. d4 d5 3. Nd2 dxe4 4. Nxe4 Nd7 5. Nf3 Ngf6 6. Nxf6+ Nxf6 7. Bd3 Be7 8. c3 0-0 9. b4 b6 10. Qc2 Bb7 11. Qe2 a5 12. b5 Rc8 13. 0-0 c5 14. bxc6 Rxc6 15. c4 Rc8 16. h3 Bxf3 17. Qxf3 Qxd4 18. Be3 Qd6 19. Rfd1 Qc6 20. Qxc6 Rxc6 21. Rab1 Bc5 22. Bxc5 bxc5 23. Rb5 Ra8 24. Be2 e5 25. Rd3 g6 26. Ra3 a4 27. Bd1 Rd6 28. Bc2 Rd2 29. Bxa4 e4 30. Rbb3 Rd3 31. Kf1 Nd7 32. Rxd3 exd3 33. Rxd3 Rxa4 34. Rxd7 Rxc4 35. Rd1 Ra4 36. Ra1 Kf8 37. Ke2 Ke7 38. Kd3 Kd6 39. Kc3 Kc6 40. Kb3 1/2-1/2

[Event "Bahn-chT"]
[Site "Gemuend"]
[Date "1999.10.30"]
[Round "7.6"]
[White "Streit, Roland"]
[Black "Sander, Lucia"]
[Result "0-1"]
[WhiteElo "1662"]
[BlackElo "1836"]
[PlyCount "44"]
[EventDate "1999.10.24"]
[EventType "team"]
[EventRounds "7"]
[EventCountry "GER"]
[SourceTitle "EXT 2003"]
[Source "ChessBase"]
[SourceDate "2002.11.25"]
[SourceVersion "1"]
[SourceVersionDate "2002.11.25"]
[SourceQuality "1"]
[WhiteTeam "Karlsruhe (Bahn)"]
[BlackTeam "Stuttgart (Bahn)"]
[WhiteTeamCountry "GER"]
[BlackTeamCountry "GER"]

1. e4 c5 2. Nf3 e6 3. d4 cxd4 4. Nxd4 Nf6 5. Nc3 Nc6 6. Be3 a6 7. a3 Be7 8. Be2 d6 9. 0-0 Bd7 10. f4 0-0 11. g4 Qc7 12. Qe1 Nxd4 13. Bxd4 e5 14. g5 exd4 15. gxf6 dxc3 16. fxe7 Rfe8 17. bxc3 Rxe7 18. c4 Rxe4 19. Qf2 Qc5 20. Bd3 Rxf4 21. Qxc5 Rxf1+ 22. Rxf1 dxc5 0-1

[Event "Bahn-chT"]
[Site "Gemuend"]
[Date "1999.10.26"]
[Round "4.6"]
[White "Strenger, Hermann"]
[Black "Streit, Roland"]
[Result "0-1"]
[WhiteElo "1604"]
[BlackElo "1662"]
[PlyCount "100"]
[EventDate "1999.10.24"]
[EventType "team"]
[EventRounds "7"]
[EventCountry "GER"]
[SourceTitle "EXT 2003"]
[Source "ChessBase"]
[SourceDate "2002.11.25"]
[SourceVersion "1"]
[SourceVersionDate "2002.11.25"]
[SourceQuality "1"]
[WhiteTeam "Frankfurt (Bahn)"]
[BlackTeam "Karlsruhe (Bahn)"]
[WhiteTeamCountry "GER"]
[BlackTeamCountry "GER"]

1. e4 c6 2. d4 d5 3. e5 Bf5 4. Nf3 e6 5. Bd3 Bxd3 6. Qxd3 Ne7 7. c4 dxc4 8. Qxc4 Ng6 9. Nc3 Nd7 10. a3 Be7 11. 0-0 Nb6 12. Qb3 0-0 13. Be3 Qc7 14. Rad1 Rad8 15. Rc1 Qb8 16. Rfd1 Nd5 17. Nxd5 Rxd5 18. Qc3 Rfd8 19. b4 Nxe5 20. Nxe5 Qxe5 21. Qe1 Qd6 22. Rc5 e5 23. Rxd5 Qxd5 24. Rd2 Qb3 25. Qc1 e4 26. h3 Qd5 27. Rc2 f5 28. Qf1 Bd6 29. Qc4 Bc7 30. g3 Bb6 31. a4 a6 32. a5 Ba7 33. h4 Kf8 34. Qxd5 Rxd5 35. Rc4 Ke7 36. Kf1 Kd6 37. Ke2 Rb5 38. Kd2 Kd5 39. Kc3 Bb8 40. Rc5+ Rxc5+ 41. bxc5 Bc7 42. Kb4 Bd8 43. h5 h6 44. Kb3 Bxa5 45. Kc2 Kc4 46. Bf4 Kxd4 47. Bd6 Bd8 48. Kd2 Bf6 49. Kc2 Kc4 50. Bf8 a5 0-1

[Event "Bahn-chH"]
[Site "Baiersbronn"]
[Date "1998.10.31"]
[Round "7"]
[White "Streit, Roland"]
[Black "Wagenlader, Erich"]
[Result "0-1"]
[WhiteElo "1490"]
[BlackElo "1735"]
[PlyCount "84"]
[EventDate "1998.10.25"]
[EventType "swiss"]
[EventRounds "7"]
[EventCountry "GER"]
[SourceTitle "EXT 2001"]
[Source "ChessBase"]
[SourceDate "2000.11.22"]
[SourceVersion "1"]
[SourceVersionDate "2000.11.22"]
[SourceQuality "1"]

1. d4 e6 2. e4 d5 3. e5 c5 4. c3 Nc6 5. Nf3 Qb6 6. Bd3 Bd7 7. dxc5 Bxc5 8. 0-0 Qc7 9. Qe2 Nge7 10. Bf4 Ng6 11. Bg3 Be7 12. Nbd2 Rc8 13. Nb3 0-0 14. Rfe1 Qd8 15. Nfd4 a6 16. a4 Na5 17. Nxa5 Qxa5 18. Kh1 Qd8 19. f4 Bc5 20. Rf1 Qe8 21. Bc2 Bxd4 22. cxd4 Rc4 23. Qd1 Ne7 24. b3 Rc8 25. Qd3 g6 26. Rf3 Nf5 27. Be1 Rxc2 28. Qxc2 Nxd4 29. Qd3 Nxf3 30. Qxf3 f6 31. Bb4 Rf7 32. Bd6 Bc6 33. Qc3 Qd7 34. Qd4 f5 35. Rc1 Qd8 36. Bc5 Rd7 37. Bd6 Kf7 38. Kg1 h6 39. Kf2 Qh4+ 40. Kg1 g5 41. g3 Qg4 42. Rc2 gxf4 0-1

[Event "Bahn-chT"]
[Site "Friedrichroda"]
[Date "1997.10.27"]
[Round "2.5"]
[White "Streit, Roland"]
[Black "Thomas, Mario"]
[Result "0-1"]
[WhiteElo "1415"]
[BlackElo "1784"]
[PlyCount "94"]
[EventDate "1997.10.25"]
[EventType "team"]
[EventRounds "7"]
[EventCountry "GER"]
[SourceTitle "EXT 2009"]
[Source "ChessBase"]
[SourceDate "2008.11.26"]
[SourceVersion "1"]
[SourceVersionDate "2008.11.26"]
[SourceQuality "1"]
[WhiteTeam "Karlsruhe (Bahn)"]
[BlackTeam "Frankfurt (Bahn)"]
[WhiteTeamCountry "GER"]
[BlackTeamCountry "GER"]

1. d4 Nf6 2. c4 g6 3. Nc3 d5 4. e3 Bg7 5. Nf3 0-0 6. b3 c5 7. Bb2 Qa5 8. Be2 Rd8 9. 0-0 Nc6 10. cxd5 Nxd5 11. Nxd5 Rxd5 12. Qd3 cxd4 13. exd4 e5 14. Qc2 Bf5 15. Bd3 Nxd4 16. Nxd4 exd4 17. Bxf5 Rxf5 18. Rfd1 Rd8 19. Rd3 Re5 20. Qd2 Qxd2 21. Rxd2 Rde8 22. Kf1 Rd5 23. Rad1 Red8 24. Rd3 f5 25. f4 Kf7 26. Kf2 h6 27. h4 Bf6 28. g3 a6 29. Rc1 R5d6 30. a4 Rc6 31. Rcd1 Rc2+ 32. R1d2 Rxd2+ 33. Rxd2 Ke6 34. Ke2 Kd5 35. Kf3 Re8 36. Rd3 Re6 37. Ba3 Rc6 38. Bb4 Rc1 39. Bd2 Rf1+ 40. Ke2 Ke4 41. Rxd4+ Bxd4 42. Kxf1 Kf3 43. Be1 b5 44. axb5 axb5 45. h5 gxh5 46. Bb4 Kxg3 47. Bf8 h4 0-1